| 000 | 00659nam a22001577a 4500 | ||
|---|---|---|---|
| 003 | OSt | ||
| 005 | 20151002140355.0 | ||
| 008 | 151002b xxu||||| |||| 00| 0 eng d | ||
| 040 | _cRUA | ||
| 082 | _aAVM HIN 1995 B069 Or.1 | ||
| 100 |
_91755 _aHING SOKUNTHY |
||
| 245 | _aFamilial care of preegnant sows in mongkpl borei district banteay meanchey province, (ការថែទំាមេជ្រូកផើមជាលក្ខណះគ្រួសារក្នុងស្រុកមង្គលបូរី ខេត្តបន្ទាយមានជ័យ) | ||
| 260 |
_aphnom penh _bRUA _c1995 |
||
| 300 |
_a73p. _bill. _c29cm. |
||
| 942 |
_2ddc _cAVM |
||
| 999 |
_c1657 _d1657 |
||